GTA V: All Districts/Areas - Statistics

General Stats
  • This quiz has been taken 60 times
  • The average score is 14 of 61
Answer Stats
Hint Answer % Correct
North Los Santos Vinewood
80%
Blaine County Paleto Bay
78%
Blaine County Sandy Shores
78%
Other Los Santos International Airport
61%
North Los Santos Rockford Hills
56%
South Los Santos Port of Los Santos
51%
South Los Santos Davis
49%
Blaine County Grapeseed
46%
South Los Santos Strawberry
46%
Mountains Mount Chiliad
44%
Bodies of Water Alamo Sea
41%
West Los Santos Vespucci Beach
41%
North Los Santos Chumash
39%
North Los Santos Vinewood Hills
39%
Other Fort Zancudo
37%
West Los Santos Del Perro
34%
West Los Santos Little Seoul
32%
North Los Santos Mirror Park
29%
Mountains Mount Gordo
29%
Bodies of Water Pacific Ocean
29%
North Los Santos Richman
27%
West Los Santos Vespucci Canals
27%
South Los Santos Chamberlain Hills
24%
South Los Santos Rancho
24%
Other Grand Senora Desert
22%
East Los Santos La Mesa
22%
Downtown Los Santos Mission Row
22%
Downtown Los Santos Pillbox Hill
22%
Blaine County Harmony
20%
West Los Santos La Puerta
20%
North Los Santos Morningwood
20%
North Los Santos Pacific Bluffs
20%
North Los Santos Alta
17%
North Los Santos Burton
17%
East Los Santos El Burro Heights
17%
Mountains Mount Josiah
17%
Blaine County North Chumash
17%
Bodies of Water Lago Zancudo
15%
Canyon? Raton Canyon
15%
East Los Santos Cypress Flats
12%
North Los Santos Hawick
12%
South Los Santos Banning
10%
Bodies of Water Los Santos River
10%
East Los Santos Murrieta Heights
10%
Bodies of Water Lake VInewood
7%
Bodies of Water Land Act Reservoir
7%
Other Mckenzie Field Hangar
7%
Other Sandy Shores Airfield
7%
Downtown Los Santos Textile City
7%
Bodies of Water Cassidy
5%
Mountains Chiliad Mountain State Wilderness
5%
Blaine County Slab City
5%
West Los Santos Bank Arena
2%
Blaine County Cape Catfish
2%
Blaine County Dignity Village
2%
Bodies of Water Mirror Park Lake
2%
West Los Santos Puerto Del Sol
2%
Mountains San Chianski Mountain Range
2%
Bodies of Water Zancudo River
2%
Blaine County Galilee
0%
Downtown Los Santos Legion Square
0%
No matching quizzes found
Score Distribution
Percent of People with Each Score
Percentile by Number Answered
Your Score History
You have not taken this quiz